SEPA - implementácia a výhody pre klientov diplomová práca

Gespeichert in:
Bibliographische Detailangaben
1. Verfasser: Jurica, Michal
Körperschaft: Národohospodárska fakulta EU. Katedra bankovníctva a medzinárodných financií
Weitere Verfasser: Tkáčová, Daniela, 1954-
Format: Buch
Sprache:Slowakisch
Veröffentlicht: Bratislava 2017
Tags: Tag hinzufügen
Keine Tags, Fügen Sie das erste Tag hinzu!

MARC

LEADER 00000nbm a2200000 4500
001 0231901
005 20180112120602.4
041 0 |a slo 
044 |a SK 
245 1 0 |a SEPA - implementácia a výhody pre klientov  |b diplomová práca  |c Michal Jurica ; školiteľ: Daniela Tkáčová 
264 1 |a Bratislava  |c 2017 
300 |a 59 s. 
100 1 |a Jurica, Michal 
700 1 |a Tkáčová, Daniela, 1954- 
710 2 |a Národohospodárska fakulta EU. Katedra bankovníctva a medzinárodných financií